Statystyki dla Słowa najczęściej używane przez Polaków

Kliknij tutaj aby rozwiązać quiz!

Ogólne statystyki

  • Ten quiz został rozwiązany 179 razy
  • Średni wynik to 3 z 19

Statystyki odpowiedzi

MiejsceOdpowiedź% Poprawnych
18nie
77%
19tak
76%
17się
38%
3kiedy
20%
13dobrze
17%
1który
9%
14więc
9%
9moje
7%
12nigdy
6%
5zawsze
6%
11bardzo
4%
15tylko
4%
10właśnie
3%
4jednak
2%
2jeszcze
2%
7oczywiście
2%
8kilka
1%
16nawet
1%
6prawie
1%

Rozkład punktacji

Percentyl według liczby udzielonych odpowiedzi

Procent ludzi z każdym wynikiem

Twoja historia wyników

Nie rozwiązałeś tego quizu